| 000 | 01045nam a22002657a 4500 | ||
|---|---|---|---|
| 005 | 20160629102722.0 | ||
| 008 | 160629t2010 uy a||||r|||| 00| 0 spa d | ||
| 020 | _a9789290891628 | ||
| 040 |
_aCO-BoIAVH _cCO-BoIAVH |
||
| 041 | 0 | _aspa | |
| 044 | _auy | ||
| 082 | 0 | 4 |
_a333.9523 _bL75g |
| 245 | 0 | 0 | _aLineamientos para la gestión nacional de especies exóticas invasoras |
| 260 |
_aUruguay? : _bUNESCO, _bComite Nacional de Especies Exóticas Invasoras, _c2010. |
||
| 300 |
_a144 páginas : _bilustraciones a color ; _c21 x 15 cm. |
||
| 504 | _aIncluye referencias bibliográficas. | ||
| 650 | 1 | 6 |
_aEspecies introducidas _xGestión _vGuías _zUruguay |
| 650 | 2 | 4 |
_aEspecies exóticas _xGestión _vGuías _zUruguay |
| 650 | 2 | 6 |
_aEspecies introducidas _xGestión _xLegislación |
| 650 | 2 | 6 |
_aEspecies introducidas _xAspectos económicos |
| 650 | 2 | 6 |
_aEspecies introducidas _xprotección |
| 700 | 1 |
_aAber, Ana _ecoordinadora |
|
| 700 | 1 |
_aFerrari, Graciela _ecoordinadora |
|
| 942 |
_2ddc _cLIBRO |
||
| 999 |
_c18853 _d18853 |
||